000 00379nam a22001217a 4500
040 _cNust
082 _a297
_bGUL
100 _aSufi Gulzar Ahmed
_9124850
245 _aدس مسلمان سائنس دان دس مسلمان طبیب
260 _aLahore:
_bFeroz Sons,
_c2010.
650 _aدس مسلمان سائنس دان دس مسلمان طبیب
_9124851
942 _2ddc
_cBK
999 _c610635
_d610635